BEATI ALBERTI MAGNI, RATISBONENSIS EPISCOPI, ORDINIS PRAEDICATORVM, DE ANIMALIBVS LIB XXVI. Operum Tomus Sextus /

Hlavní autor: Albert Veliký, svatý, 1193-1280
Další autoři: Jammy, Pierre
Jazyk: Latina
Vydáno: Lvgdvni : sumptibus Clavdii Prost ;Petri & Clavdii Rigavd, Frat. ;Hieronymi Delagarde ;Ioan. Ant. Hvgvetan, 1651
Témata:
Externí odkaz: Digitalizovaný dokument
Fyzický popis: [16], 684 s. ; 6°
Knihy
Uloženo v:
LEADER 02276nam a2200505 a 4500
001 mzk03001187163
003 CZ BrMZK
005 20130130132812.0
007 ta
008 130130s1651 fr f f |||| 0 lat|d
040 |a BOA001  |b cze 
072 7 |a 5  |x Přírodní vědy. Matematické vědy  |2 Konspekt  |9 6 
072 7 |a 094  |x Staré tisky  |2 Konspekt  |9 12 
080 |a 5  |2 MRF 
080 |a 59  |2 MRF 
080 |a 94"04/14"  |2 MRF 
080 |a (0.068)094  |2 MRF 
080 |a 025.171  |2 MRF 
100 0 |a Albert Veliký,  |c svatý,  |d 1193-1280  |7 nlk20000078394  |4 aut 
245 1 0 |a BEATI ALBERTI MAGNI, RATISBONENSIS EPISCOPI, ORDINIS PRAEDICATORVM, DE ANIMALIBVS LIB XXVI.  |n Operum Tomus Sextus /  |c recogniti per R. A. P. F. PETRVM IAMMY, sacrae Theologiae Doctorem, Conuentus Gratianopolitani, eiusdem Ordinis, NVNC PRIMVM IN LVCEM PRODEVNT 
260 |a Lvgdvni :  |b sumptibus Clavdii Prost ;  |b Petri & Clavdii Rigavd, Frat. ;  |b Hieronymi Delagarde ;  |b Ioan. Ant. Hvgvetan,  |c 1651 
300 |a [16], 684 s. ;  |c 6° 
500 |a Výzdoba: Titulní list tištěn červeně a černě, mědirytina na titulním listu (uprostřed znak města Lyonu, po jeho stranách rohy hojnosti a alegorická zobrazení řek pravděpodobně Rhôny a Saôny), vlysy, iniciály, linky z typografických ozdob, viněty, tištěno dvousloupcově 
501 |a Přívazek k 5. dílu téhož titulu 
650 7 |a přírodní vědy  |7 ph115999  |2 czenas 
650 7 |a zoologie  |7 ph116787  |2 czenas 
650 7 |a středověk  |7 ph126223  |2 czenas 
650 4 |a Opera omnia 
655 7 |a staré tisky  |7 fd422076  |2 czenas 
650 7 |a historické knihovní fondy  |7 ph172933  |2 czenas 
700 1 |a Jammy, Pierre  |4 edt 
856 4 1 |u https://imageserver.mzk.cz/mzk03/001/187/163/328100208949.titul1  |y Digitalizovaný dokument 
903 |a RP 
910 |e BOE950  |c R - D. II. dd. 7,přív. 
978 |b Prost, Claude  |a Lyon  |c 1651 
978 |b Rigaud, Claude II  |a Lyon  |c 1651 
978 |b Rigaud, Pierre  |a Lyon  |c 1651 
978 |b La Garde, Jérôme de  |a Lyon  |c 1651 
978 |b Huguetan, Jean Antoine  |a Lyon  |c 1651 
984 |a Lyon  |b Francie 
985 |a 1651-1700 
990 |a BK 
996 |e BOE950  |c R - D. II. dd. 7,přív. 
991 |k rajhrad 
994 |a UP  |l MZK03  |b 001187162  |m přívazek  |n záznam 1. dílu